U.S. States by Total City Population - Statistics

General Stats
  • This quiz has been taken 52 times
  • The average score is 18 of 50
Answer Stats
Population % State % Correct
33,006,522 83 California
98%
21,118,193 72 Texas
92%
13,022,573 64 New York
90%
11,171,431 87 Illinois
71%
10,835,464 50 Florida
69%
9,288,994 100* New Jersey
52%
7,667,622 65 Ohio
52%
7,029,917 100* Massachusetts
48%
6,025,176 58 North Carolina
48%
5,675,576 44 Pennsylvania
48%
5,728,859 80 Arizona
42%
5,107,592 51 Michigan
42%
5,036,431 65 Washington
42%
4,796,174 45 Georgia
40%
3,605,944 100* Connecticut
33%
4,558,295 67 Indiana
33%
4,755,795 83 Minnesota
33%
4,176,181 60 Tennessee
33%
4,299,942 74 Colorado
31%
497,374 68 Alaska
29%
0 0* Hawaii
29%
4,097,713 67 Missouri
29%
1,097,379 100* Rhode Island
29%
129,889 20 Vermont
29%
279,890 28 Delaware
27%
1,351,609 99 Maine
27%
3,065,653 94 Utah
27%
3,117,989 36 Virginia
27%
3,268,424 55 Wisconsin
27%
3,081,319 61 Alabama
25%
2,002,869 67 Arkansas
25%
1,300,825 71 Idaho
25%
2,564,159 80 Iowa
25%
2,516,434 56 Kentucky
25%
2,162,160 46 Louisiana
25%
1,555,037 25 Maryland
25%
1,767,501 57 Nevada
25%
1,377,313 100 New Hampshire
25%
1,446,366 68 New Mexico
25%
603,654 77 North Dakota
25%
3,061,111 77 Oklahoma
25%
635,074 72 South Dakota
25%
617,781 34 West Virginia
25%
398,304 69 Wyoming
25%
2,444,627 83 Kansas
23%
1,498,262 51 Mississippi
23%
1,533,672 78 Nebraska
23%
2,989,691 71 Oregon
23%
1,885,391 37 South Carolina
23%
587,793 54 Montana
21%
No matching quizzes found
Score Distribution
Percent of People with Each Score
Percentile by Number Answered
Your Score History
You have not taken this quiz